Entry Personal Name
Number of records used in: 1
001 - CONTROL NUMBER
003 - CONTROL NUMBER IDENTIFIER
005 - DATE AND TIME OF LATEST TRANSACTION
- control field:
20210720120146.0
008 - FIXED-LENGTH DATA ELEMENTS
- fixed length control field:
820412n| azannaabn |n aaa
010 ## - LIBRARY OF CONGRESS CONTROL NUMBER
- LC control number:
n 82050049
016 ## - NATIONAL BIBLIOGRAPHIC AGENCY CONTROL NUMBER
- Record control number:
1016K0737E
035 ## - SYSTEM CONTROL NUMBER
- System control number:
(OCoLC)oca00746991
040 ## - CATALOGING SOURCE
- Original cataloging agency:
DLC
- Language of cataloging:
eng
- Description conventions:
rda
- Transcribing agency:
DLC
- Modifying agency:
DLC
- Modifying agency:
ScU
- Modifying agency:
CaOONL
042 ## - AUTHENTICATION CODE
046 ## - SPECIAL CODED DATES
- Birth date:
1950-09-23
- Source of date scheme:
edtf
100 1# - HEADING--PERSONAL NAME
- Personal name:
Weiten, Wayne,
- Dates associated with a name:
1950-
370 ## - ASSOCIATED PLACE
- Associated country:
United States
- Source of term:
naf
372 ## - FIELD OF ACTIVITY
- Field of activity:
Adjustment (Psychology)
- Field of activity:
Psychology
- Source of term:
lcsh
373 ## - ASSOCIATED GROUP
- Associated group:
University of Illinois at Chicago
- Source of term:
naf
- End period:
1981
373 ## - ASSOCIATED GROUP
- Associated group:
Bradley University
- Associated group:
Santa Clara University (Calif.)
- Associated group:
College of DuPage
- Associated group:
University of Nevada, Las Vegas
- Source of term:
naf
374 ## - OCCUPATION
- Occupation:
Authors
- Occupation:
College teachers
- Source of term:
lcsh
375 ## - GENDER
- Gender:
Males
- Source of term:
lcdgt
377 ## - ASSOCIATED LANGUAGE
670 ## - SOURCE DATA FOUND
- Source citation:
His Psychology applied to modern life, 1982:
- Information found:
CIP t.p. (Wayne Weiten, College of DuPage) CIP data sheet (b. 9/23/50)
670 ## - SOURCE DATA FOUND
- Source citation:
Psychology, 2013:
- Information found:
t.p. (Wayne Weiten, University of Nevada, Las Vegas)
670 ## - SOURCE DATA FOUND
- Source citation:
Witen, Wayne, 1950-. Psychology applied to modern life, 2003:
- Information found:
page preceding title page (Wayne Weiten is a graudate of Bradley University and earned his Ph.D. from the University of Illinois at Chicago in 1981; has taught at Santa Clara University and the College of DuPage)
670 ## - SOURCE DATA FOUND
- Source citation:
LAC internal file, October 11, 2019
- Information found:
(access point: Weiten, Wayne, 1950-; American)